000 00681nam a2200229Ia 4500
003 OSt
005 20250903184558.0
008 210423s2012 xx 000 0 und d
020 _a978-0-19-567790-0
040 _cAL
041 _aEnglish
082 _a330.954
_bBASI
100 _aKaushik Basu
_9105094
245 _aIndias emerging economy
_b: the transmission mechanism of financial shocks
260 _aNew Delhi
_bOxford University Press
_c2012
300 _aviii,319
_bPB
365 _b315
_cINR
650 _aEconomics
_9105095
650 _aEconomics
_9105095
906 _a1990s ; beyond ; economy: ; emerging ; Indias ; performance ; prospects
942 _2ddc
_cBK
999 _c166312
_d166312